000 00672nam a22002177a 4500
005 20170124110222.0
010 _aB-093594
020 _c115.00
035 _aB-093594
037 _bCen Lib/Ret
040 _aDPL
_bEN
082 _a000
_bRGU
100 _aR. Gupta
_940615
245 _aJawahar navodaya vidyalaya entrance exam :
_cby R. Gupta
_bwith previous solved papers /
260 _aNew Delhi
_bRamesh Publishing House
_c2006
270 _bNew Delhi
_a12-H, new dariya ganj
_e110002
300 _avarious pagings
_c21cm(Hb)
650 _aGenaralia
_940032
650 _aEntrans exm books (J N V)
_940033
942 _2ddc
_cEN
_h000
_mRGU
999 _c134190
_d134190